[Event "POL Youth-ch U20 Girls 2020"]
[Site "Pokrzywna"]
[Date "2020.12.02"]
[Round "4.8"]
[White "Szczotka, Klara"]
[Black "Starosta, Martyna"]
[Result "1-0"]
[WhiteElo "1928"]
[BlackElo "2094"]
[Annotator "TA"]
[PlyCount "91"]
[EventDate "2020.11.29"]
[EventType "swiss"]
[EventCountry "POL"]
[SourceTitle "playchess.com"]
[Source "ChessBase"]
[SourceQuality "1"]

{[%evp 9,91,19,33,20,26,27,25,19,28,21,31,23,33,2,52,47,50,45,53,52,58,52,55,53,129,66,156,153,162,159,166,164,162,165,160,161,158,164,188,182,214,212,210,204,219,219,219,216,344,327,324,324,322,325,391,363,370,342,507,445,877,889,842,836,866,855,839,804,977,920,5193,5110,1451,1056,1827,2036,6427,6382,12838,5105,29973,29972,5197,2062]} 1. e4 c5 2. Nf3 d6 3. Bb5+ Bd7 4. Bxd7+ Qxd7 5. c4 g6 6. d4 {B52: Sicilian: Moscow Variation with 3...Bd7.} cxd4 7. Nxd4 Bg7 8. Nc3 {White has an edge.} Nf6 9. f3 O-O 10. Be3 a6 11. Qd2 Qc7 12. b3 Nbd7 {[#]} 13. O-O $146 ({Predecessor:} 13. Rc1 Rfc8 14. Ke2 a5 15. Ndb5 Qd8 16. Nd5 Nxd5 17. Qxd5 b6 18. Bd4 Nf6 19. Bxf6 Bxf6 {0-1 (49) Grieb,L (1636)-Kretzschmar,A (1751) Magdeburg 2012}) 13... e6 14. Rac1 Rfd8 15. Rfd1 Rac8 16. Nde2 Nb6 {Black is on the road to losing.} (16... Qa5 $14) 17. Nd5 (17. Nb5 $16 axb5 18. cxb5) 17... exd5 (17... Nbxd5 $14 18. cxd5 Qb8) 18. cxd5 $16 Qd7 19. Bxb6 Rxc1 20. Rxc1 Rc8 21. Bd4 h5 22. Rxc8+ Qxc8 23. Qc3 Qxc3 24. Bxc3 Ne8 25. Bxg7 Kxg7 $18 {[%mdl 4096] Endgame KN-KN} 26. Kf2 Nc7 27. Ke3 Kf6 28. a4 a5 (28... Ne8 {keeps fighting.} 29. a5 Ke7) 29. Nc1 Ke7 30. Kd4 Kd7 31. f4 b5 32. Nd3 Ke7 33. e5 bxa4 (33... f6 $142 34. g3 bxa4) 34. bxa4 Na6 (34... Na8 $142 35. exd6+ Kxd6) 35. exd6+ Kxd6 36. Ne5 f6 37. Nc4+ {[%mdl 64] [#] Double Attack} Kc7 38. Nxa5 Nb4 39. Nc4 g5 40. fxg5 fxg5 41. a5 Na6 42. Ke5 Nb4 43. Ke6 Nd3 44. Ke7 (44. d6+ $142 Kb7 45. d7 Nc5+ 46. Kd6 Nxd7 47. Kxd7) 44... Nc5 45. d6+ Kc6 {[#]} 46. Ne5+ {Weighted Error Value: White=0.08/Black=0.51} (46. a6 $142 $1 g4 (46... Nxa6 47. d7) 47. Ne5+ Kb6 48. Nd7+ Nxd7 49. Kxd7) 1-0

[Event "POL Youth-ch U20 Girls 2020"]
[Site "Pokrzywna"]
[Date "2020.12.02"]
[Round "4.9"]
[White "Siekanska, Maria"]
[Black "Dylag, Emilia"]
[Result "0-1"]
[WhiteElo "1919"]
[BlackElo "2082"]
[Annotator "TA"]
[PlyCount "116"]
[EventDate "2020.11.29"]
[EventType "swiss"]
[EventCountry "POL"]
[SourceTitle "playchess.com"]
[Source "ChessBase"]
[SourceQuality "1"]

{[%evp 17,116,37,53,19,28,25,24,-92,-109,-187,-187,-206,-87,-121,-124,-130,-102,-149,-102,-160,-110,-255,-176,-176,-172,-219,-155,-145,-91,-170,-156,-170,-47,-52,-54,-153,-115,-119,-77,-86,-98,-103,-60,-109,-106,-110,-117,-104,-67,-67,-63,-67,-67,-101,-97,-106,-102,-112,-106,-135,-108,-262,-224,-240,-223,-232,-208,-212,-227,-266,-277,-332,-326,-412,-404,-385,-402,-401,-396,-375,-337,-452,-431,-711,-794,-787,-714,-716,-785,-770,-745,-577,-594,-2507,-2277,-2066,-1643,-1493,-1398,-1093,-892]} 1. d4 Nf6 2. c4 g6 3. Nc3 Bg7 4. e4 d6 5. Nf3 O-O 6. Be2 e5 7. O-O Nbd7 8. Re1 c6 {8...Re8 deserves study.} 9. Bf1 a5 10. a3 {E96: King's Indian: Classical: 7...Nbd7 8 Re1 c6 9 Bf1 a5.} exd4 11. Nxd4 Nc5 12. b3 (12. f3 $11) 12... Ng4 $17 {[#] White must now prevent ...Qh4!} 13. h3 $146 {[#]} (13. Ra2 $17 {might work better.}) ({Predecessor:} 13. f3 Bxd4+ 14. Qxd4 Nxb3 15. Qd1 Qb6+ {0-1 (15) Krupenski,J (2171)-Seeman,T (2438) Parnu 1999}) 13... Nxf2 $1 $19 {[%mdl 576] Decoy} 14. Kxf2 {And now Be3 would win.} Qf6+ (14... Bxd4+ $19 {is more deadly.} 15. Qxd4 Nxb3 {[%mdl 64] Double Attack}) 15. Nf3 $17 Qxc3 {[%mdl 64] Double Attack} 16. Rb1 Qf6 17. Bb2 Qe7 18. e5 (18. Kg1 $142) 18... dxe5 19. Nxe5 (19. Bxe5 $17 Bxe5 20. Rxe5) 19... Qh4+ 20. g3 Qd8 ({And not} 20... Ne4+ 21. Rxe4 $1 {[%mdl 512]} Qxe4 22. Bd3 $11) 21. Qf3 Qc7 {Threatens to win with ...Bf5.} 22. Qe3 b6 (22... Qe7 $142 {Hoping for ...Bf5.} 23. Nf3 Qxe3+ 24. Rxe3 Bh6) 23. b4 (23. Nxc6 $17 {was called for.} Qxc6 24. Bg2) 23... axb4 $19 24. axb4 Na4 ({Black should play} 24... Ne6 $19 {...c5 is the strong threat.} 25. Kg1 c5 26. bxc5 Nxc5) 25. Ba1 $1 $15 Bf5 26. Bd3 ({Better is} 26. Ng4 $15 Bxg4 27. Bxg7 Kxg7 28. hxg4) 26... Bxd3 27. Qxd3 Rad8 28. Qc2 b5 29. cxb5 Qa7+ 30. Kg2 cxb5 31. Nc6 Qa8 32. Kh2 Rd7 33. Rbd1 Rxd1 34. Ne7+ $1 Kh8 35. Bxg7+ {Black keeps a firm grip on the game.} Kxg7 36. Qxd1 Rd8 $36 {[%mdl 2048] Black is in control.} 37. Qe2 Qa6 38. Rf1 {next Qe5+ is good for White.} Qd6 39. Kh1 $2 (39. Rf2 $17) 39... Nc3 ({Avoid the trap} 39... Qxg3 $2 {[#]} 40. Nf5+ $1 {[%mdl 512]} gxf5 41. Rg1 $18) 40. Qf3 Qxe7 41. Qxc3+ $19 {[%mdl 4096] Endgame KQR-KQR} Kg8 42. Re1 Qd7 43. g4 Rc8 44. Qf3 Rc4 45. Re4 Qc6 46. Rf4 Qxf3+ 47. Rxf3 Rxb4 {KR-KR} 48. Kg2 Kg7 49. g5 Rc4 {Black is clearly winning.} 50. Rd3 (50. Rf6 $142 Rc5 51. h4) 50... h6 51. gxh6+ Kxh6 52. Rd5 b4 53. Rb5 f5 54. Rb8 Kg5 55. Kf3 Rc3+ 56. Kg2 b3 57. Rb4 Rc2+ 58. Kg3 Rb2 {[%mdl 64] Decoy.  Weighted Error Value: White=0.52/Black=0.20} 0-1

[Event "POL Youth-ch U20 Girls 2020"]
[Site "Pokrzywna"]
[Date "2020.12.02"]
[Round "4.10"]
[White "Marcinczyk, Monika"]
[Black "Zabrzanska, Weronika"]
[Result "1/2-1/2"]
[WhiteElo "2030"]
[BlackElo "1849"]
[Annotator "TA"]
[PlyCount "90"]
[EventDate "2020.11.29"]
[EventType "swiss"]
[EventCountry "POL"]
[SourceTitle "playchess.com"]
[Source "ChessBase"]
[SourceQuality "1"]

{[%evp 26,90,33,6,6,0,0,-25,-20,-27,-22,-26,-33,-37,0,0,31,32,40,0,0,-16,25,11,32,-19,-6,-14,1,-18,0,-11,0,0,0,-7,0,-4,0,-8,-4,0,12,21,10,0,0,0,0,0,0,0,20,15,20,0,0,0,0,0,0,0,0,0,0,0,0]} 1. e4 c5 2. Nf3 e6 3. d4 cxd4 4. Nxd4 Nc6 5. Nc3 a6 6. Be2 d6 7. O-O Nf6 8. Be3 Be7 9. f4 O-O 10. Qe1 Nxd4 11. Bxd4 b5 12. a3 Bb7 13. Qg3 g6 14. Bd3 a5 {is the legacy move (14...Nh5). B85: Sicilian Scheveningen: 6 Be2 a6, lines with early Be3.} 15. Rae1 b4 16. axb4 axb4 {Black has an edge.} 17. Nb1 {[%cal Bc3b1,Bb1d2,Bd2b3][%mdl 32]} d5 {[%cal Rd5e4]} 18. e5 $1 {[%cal Re5f6]} Ne4 19. Qe3 {[#]} Rc8 $146 ({Predecessor:} 19... Qc7 20. Nd2 Nxd2 21. Qxd2 Ba6 22. Kh1 b3 23. cxb3 Rfb8 24. Bxa6 Rxa6 25. f5 exf5 {½-½ (68) Bezgodova,M (2177)-Voit,D (2269) Moscow 2013}) 20. Nd2 Bc5 {[#] White must now prevent ...Bxd4.} 21. Nb3 {[%cal Rb3c5]} Qe7 22. Rf3 (22. Ra1 {looks sharper.} Bxd4 23. Qxd4 Ra8 24. Rfd1 h5 25. Rxa8 Rxa8 26. Bxe4 dxe4 27. Qd6) 22... Bxd4 23. Nxd4 f5 24. exf6 (24. Ra1 {is interesting.} Ra8 25. Rff1 h6 26. g3 Qc5 27. Kg2) 24... Qxf6 25. Bxe4 (25. Ra1 $14) 25... dxe4 $11 {The position is equal.} 26. Rf2 Kh8 27. Ref1 Rcd8 28. c3 Ba6 29. Rc1 Bb7 30. Ra1 bxc3 31. bxc3 Ra8 32. Rb1 Bd5 33. h3 Ra2 34. Rxa2 Bxa2 35. Rb2 (35. Ra1 {keeps more tension.} Bd5 36. Ne2 Rc8 37. Ra5 Qe7 38. Ra7) 35... Bd5 36. Ne2 Rc8 37. Rb6 Qg7 38. Nd4 e5 39. fxe5 Qxe5 40. Rb2 Ra8 {[#] And now ...Ra1+ would win.} 41. Nc2 {Rb5 is the strong threat.} Rc8 42. Qd4 Qxd4+ 43. cxd4 Rc3 44. Kf2 Rd3 45. Nb4 Rxd4 {Weighted Error Value: White=0.10/Black=0.08} 1/2-1/2

[Event "POL Youth-ch U20 Girls 2020"]
[Site "Pokrzywna"]
[Date "2020.12.02"]
[Round "4.11"]
[White "Bukala, Weronika"]
[Black "Smietanska, Wiktoria"]
[Result "0-1"]
[WhiteElo "1677"]
[BlackElo "2013"]
[Annotator "TA"]
[PlyCount "124"]
[EventDate "2020.11.29"]
[EventType "swiss"]
[EventCountry "POL"]
[SourceTitle "playchess.com"]
[Source "ChessBase"]
[SourceQuality "1"]

{[%evp 21,124,41,51,16,32,39,44,-35,-19,-51,-41,-45,-64,-100,-53,-106,-76,-83,-119,-235,-247,-270,-94,-108,-106,-101,-58,-62,-63,-62,-59,-59,-59,-66,-69,-68,-58,-64,-63,-66,-59,-68,-51,-52,-57,-55,-56,-66,-74,-127,-120,-367,-339,-458,-458,-348,-120,-120,-120,-120,-120,-137,-120,-120,-35,-35,-35,-35,0,-35,-35,-35,-8,-35,-35,-35,-35,-35,-35,-35,-35,-69,-35,-35,0,-18,-18,-569,-556,-510,-510,-1353,-1292,-586,-18,-18,-18,-107,-107,-525,-18,-18,-18,-29979,-29980]} 1. e4 c5 2. Nf3 d6 3. d4 cxd4 4. Nxd4 Nf6 5. Nc3 a6 6. Be2 e5 7. Nb3 Be7 8. Be3 O-O 9. O-O Nbd7 10. a4 b6 11. Nd2 Bb7 12. Nc4 {B92: Sicilian Najdorf: 6 Be2.} Nxe4 13. Nxe4 Bxe4 {[#]} 14. f3 $146 (14. Nxd6 $14 Bg6 15. Nc4) ({Predecessor:} 14. Nxd6 Bc6 15. Qd2 Qc7 16. Rfd1 g6 17. Bh6 Rfd8 18. Bc4 Nf6 19. Bxf7+ Kh8 20. Nf5 gxf5 21. Qg5 Rg8 22. Bxg8 Rxg8 23. Qxf5 Bxg2 24. Bg5 Be4 {0-1 (24) Castro Rojas,O-Dieks,R Athens 1971}) 14... Bf5 15. g4 Bg6 16. c3 Qc7 17. Qd2 Nc5 18. Qd1 (18. a5 $15 b5 19. Nb6) 18... f5 19. b4 {gxf5 is the strong threat.} Nd7 20. f4 (20. Bf2 $17) 20... Bf7 $1 $19 {[%cal Rf7c4]} 21. fxe5 Bxc4 $2 (21... dxe5 $19 {has better winning chances.} 22. Bf2 Bxc4 23. Bxc4+ Qxc4 {[%mdl 64] Double Attack} 24. Qxd7 Qxg4+ 25. Bg3 Rf7) 22. exd6 $17 Bxd6 23. Bxc4+ Qxc4 (23... Kh8 {with more complications.} 24. Be6 fxg4 25. Bxd7 Rxf1+ 26. Qxf1 Qxd7 27. Rd1 Qe6) 24. Qxd6 Qxg4+ 25. Qg3 Qxg3+ 26. hxg3 Rac8 27. Bd4 g6 28. Rae1 Rfe8 29. Kf2 $1 Rxe1 30. Rxe1 $15 {[%mdl 4096] Endgame KRB-KRN} Kf7 31. Rd1 Rc6 32. b5 axb5 33. axb5 Rc7 34. Ra1 Nc5 35. Ra3 (35. Kg2 $142) 35... Ke6 $17 36. Bxc5 $2 (36. Ra8 $17) 36... Rxc5 {KR-KR} 37. c4 Rxc4 38. Ra6 Rc7 $2 (38... Kf6 $19 39. Rxb6+ Kg5) 39. Rxb6+ Kd5 40. Rb8 Re7 41. Kf3 Ke5 42. Rb6 g5 (42... Kd4 $17 43. Rc6 g5) 43. Rc6 Re6 44. Ra6 Re7 45. Rc6 Rd7 46. b6 Rd3+ 47. Kf2 Rb3 48. Rc5+ Ke4 {Strongly threatening ...Rb2+.} 49. Rc4+ $1 {[#]} Kd5 $1 50. Rc7 h6 51. Rf7 Ke5 (51... Ke4 $5 {[%cal Rb3b2]} 52. Re7+ Kd4 53. Rd7+ Ke5 $17) 52. b7 Rb6 53. Re7+ Kf6 54. Rh7 $2 {[%mdl 8192]} (54. Rc7 $11 {and White has nothing to worry.} Rb3 55. Ke2) 54... Kg6 $1 $19 {[%cal Rg6h7]} 55. Rc7 {aiming for Rc6+!} Kh5 56. Rc5 (56. Kg2 $142 Rb2+ 57. Kf3) 56... Kg4 57. Rc4+ {[#]} f4 $2 (57... Kh3 $1 $19 58. Rc7 g4) 58. gxf4 $11 gxf4 59. Rc6 (59. Rc7 $11 {remains equal.}) 59... Rb2+ $17 60. Kf1 $2 {[%mdl 8192] [#]} (60. Kg1 $17 {nothing else works.}) 60... h5 $2 ({Black should try} 60... Kg3 $1 $19 {White must now prevent ...Rb1+.} 61. Rg6+ Kf3) 61. Rc7 $11 Kg3 {And now ...Rb1+ would win.} 62. Rc3+ $2 {[%mdl 8192]} (62. Rg7+ $11 Kf3 63. Kg1) 62... f3 {Weighted Error Value: White=0.80/Black=0.43} 0-1

[Event "POL Youth-ch U20 Girls 2020"]
[Site "Pokrzywna"]
[Date "2020.12.02"]
[Round "4.12"]
[White "Cieslak, Wiktoria"]
[Black "Siekanska, Zuzanna"]
[Result "1-0"]
[WhiteElo "2008"]
[BlackElo "1800"]
[Annotator "TA"]
[PlyCount "131"]
[EventDate "2020.11.29"]
[EventType "swiss"]
[EventCountry "POL"]
[SourceTitle "playchess.com"]
[Source "ChessBase"]
[SourceQuality "1"]

{[%evp 14,131,-88,-102,-52,-70,-65,-63,-35,-75,-69,-85,-20,-12,0,0,0,0,0,0,69,72,75,70,90,78,94,93,102,94,104,97,97,98,101,97,102,102,114,112,112,112,116,114,124,115,142,137,160,160,162,153,162,111,123,116,172,172,175,155,183,177,215,196,204,191,204,172,170,172,171,171,152,117,117,117,117,117,117,117,117,111,135,118,128,128,141,145,157,150,225,258,977,436,556,518,488,518,414,414,414,414,4634,4634,29980,29981,29977,29978,29988,29986,29989,29990,29990,29991,29991,29992,29992,29992,29992,29989]} 1. e4 e5 2. Nf3 Nc6 3. d4 exd4 4. Bc4 Nf6 5. e5 Ng4 6. Bxf7+ Kxf7 7. Ng5+ Kg8 8. Qxg4 {aiming for Qf3.} Qe8 {C56: Two Knights: 4 d4 exd4 5 0-0 Nxe4.} 9. O-O {[#]} h6 $146 {Threatens to win with ...d6.} ({Predecessor:} 9... Qxe5 10. Qf3 Nd8 11. c3 dxc3 12. Nxc3 d6 13. Be3 h6 14. Nge4 d5 15. Ng3 d4 16. Bf4 {1-0 (39) Kobald,P (1241)-Rempe,J (948) Willingen 2016}) 10. Nf3 d6 {Black is slightly better.} 11. Qe4 dxe5 12. Re1 Bd6 {[#]} (12... Bd7 $17 {White should prevent ...Bd6.} 13. Nxe5 Qxe5 14. Qxe5 Nxe5 15. Rxe5 Bd6) 13. Bf4 $1 $11 {[%cal Rf3e5][%mdl 512]} Bd7 (13... exf4 14. Qxe8+) 14. Bxe5 Bxe5 15. Nxe5 Nxe5 16. Qd5+ Qe6 (16... Kh7 $11 17. Rxe5 Bc6 18. Qxd4 Qg6) 17. Rxe5 $14 Qxd5 18. Rxd5 Re8 {[%cal Re8e1]} 19. Na3 Bc6 20. Rxd4 Kh7 21. Kf1 Re5 22. f3 Rhe8 23. Rad1 Rh5 24. h3 Rhe5 25. c4 Re2 26. R4d2 R2e5 27. Kf2 R8e7 28. b3 a6 29. Nc2 Be8 30. Nb4 c6 31. Nd3 R5e6 32. Nc5 Re5 33. b4 ({Better is} 33. Ne4 $18) 33... Bf7 34. Rc1 Bg6 (34... a5 $16 {was called for.}) 35. Nd7 $18 {Nf8+ is the strong threat.} Rf5 36. a3 Be8 37. Nb6 c5 38. Nc8 Rc7 39. Nd6 Re5 40. Rd5 Re6 41. Nxe8 Rxe8 42. bxc5 {[%mdl 4096] Endgame KRR-KRR} Rec8 43. Rb1 Rxc5 44. Rxb7 Rxc4 45. Rdd7 Rg8 46. Ra7 Ra4 {[#]} 47. Rd3 $1 Re8 48. g4 Re6 49. h4 {Hoping for Rdd7.} h5 50. Rdd7 hxg4 51. Rxg7+ {[%mdl 64] Double Attack} Kh8 (51... Kh6 $16) 52. fxg4 Rxa3 $2 (52... Ree4 53. Rh7+ Kg8 54. Rag7+ Kf8) 53. Rgf7 (53. Rh7+ $142 Kg8 54. Rhg7+ Kh8 55. Rgf7) 53... Kg8 54. Rf3 Ra4 55. Rc3 {White threatens Rc8+ and mate.} Rf4+ 56. Kg3 Rf8 57. h5 Rh6 (57... Ref6 $142 58. Kh4 R6f7 59. Rxa6 Kh7) 58. Kh4 Re6 59. Rcc7 {White mates.} Rd8 60. Rg7+ Kh8 61. Rh7+ Kg8 62. h6 Rg6 63. Kh5 Rdd6 64. g5 a5 65. Rhb7 Kh8 66. h7 {Weighted Error Value: White=0.12/Black=0.31} 1-0

[Event "POL Youth-ch U20 Girls 2020"]
[Site "Pokrzywna"]
[Date "2020.12.02"]
[Round "5.1"]
[White "Rudzinska, Michalina"]
[Black "Goraj, Barbara"]
[Result "1-0"]
[WhiteElo "2189"]
[BlackElo "2078"]
[Annotator "NA"]
[PlyCount "71"]
[EventDate "2020.11.29"]
[EventType "swiss"]
[EventCountry "POL"]
[SourceTitle "playchess.com"]
[Source "ChessBase"]
[SourceQuality "1"]
[TimeControl "40/5400+30:1800+30"]

1. e4 {[%emt 0:00:00]} c5 {[%emt 0:00:00]} 2. Nf3 {[%emt 0:00:00]} Nc6 {[%emt 0:00:12]} 3. d4 {[%emt 0:00:00]} cxd4 {[%emt 0:00:11]} 4. Nxd4 {[%emt 0:00:00]} Nf6 {[%emt 0:00:15]} 5. Nc3 {[%emt 0:00:00]} d6 {[%emt 0:00:22]} 6. Bc4 {[%emt 0:00:10]} e6 {[%emt 0:00:23]} 7. Be3 {[%emt 0:00:10]} a6 {[%emt 0:00:47]} 8. Qe2 {[%emt 0:00:15]} Qc7 {[%emt 0:00:28]} 9. Bb3 {[%emt 0:00:16]} Na5 {[%emt 0:12:17]} 10. O-O {[%emt 0:12:27]} Be7 {[%emt 0:02:51]} 11. f4 {[%emt 0:01:22]} O-O {[%emt 0:04:23]} 12. f5 {[%emt 0:02:35]} Nxb3 {[%emt 0:03:33]} (12... e5 $5 13. Nf3 $8 Nxb3 14. cxb3 b5 $11) 13. axb3 {[%emt 0:00:15]} Bd7 {[%emt 0:03:26]} 14. Kh1 {[%emt 0:03:07]} b5 {[%emt 0:02:32]} 15. fxe6 {[%emt 0:16:34]} fxe6 {[%emt 0:00:51]} 16. b4 {[%emt 0:01:02]} d5 {[%emt 0:11:50]} ({Black should try} 16... Qc4 $15) 17. exd5 {[%emt 0:07:01]} exd5 {[%emt 0:03:59]} 18. Bf4 {[%emt 0:02:19]} Bd6 {[%emt 0:01:47]} 19. Ne6 {[%emt 0:02:57]} Qc6 {[%emt 0:05:57]} 20. Nxf8 {[%emt 0:00:18]} Rxf8 {[%emt 0:01:49]} 21. Bxd6 {[%emt 0:00:38]} Qxd6 {[%emt 0:00:09]} 22. Qd3 {[%emt 0:03:18]} Be6 {[%emt 0:03:02]} 23. Qd4 {[%emt 0:05:02]} Rc8 $18 {[%emt 0:02:14]} (23... Bf7 24. Qc5 Qxc5 25. bxc5 Rc8 26. Rxa6 d4) 24. Rxf6 {[%emt 0:12:49]} gxf6 {[%emt 0:00:32]} 25. Ne4 {[%emt 0:00:06]} Qc6 {[%emt 0:08:39]} 26. Nxf6+ {[%emt 0:00:26]} Kf7 {[%emt 0:00:42]} 27. Nxh7 {[%emt 0:04:12]} Kg6 {[%emt 0:09:43]} 28. Rf1 {[%emt 0:05:04]} Bf5 {[%emt 0:04:06]} 29. Rf3 {[%emt 0:05:08]} Kxh7 {[%emt 0:09:21]} 30. Rxf5 {[%emt 0:00:13]} Qh6 {[%emt 0:00:24]} 31. h3 {[%emt 0:04:36]} Rxc2 {[%emt 0:01:59]} 32. Qa7+ {[%emt 0:01:23]} Kh8 {[%emt 0:01:49]} 33. Qb8+ {[%emt 0:00:10]} Kh7 {[%emt 0:00:53]} 34. Rf7+ {[%emt 0:00:09]} Kg6 {[%emt 0:00:07]} 35. Qg8+ {[%emt 0:00:06]} Kh5 {[%emt 0:00:06]} 36. Qg4# {[%emt 0:00:04]} 1-0

[Event "POL Youth-ch U20 Girls 2020"]
[Site "Pokrzywna"]
[Date "2020.12.02"]
[Round "5.2"]
[White "Malicka, Maria"]
[Black "Antolak, Julia"]
[Result "0-1"]
[WhiteElo "2291"]
[BlackElo "2313"]
[Annotator "NA"]
[PlyCount "78"]
[EventDate "2020.11.29"]
[EventType "swiss"]
[EventCountry "POL"]
[SourceTitle "playchess.com"]
[Source "ChessBase"]
[SourceQuality "1"]
[TimeControl "40/5400+30:1800+30"]

1. e4 {[%emt 0:00:00]} e5 {[%emt 0:00:00]} 2. Nf3 {[%emt 0:00:00]} Nc6 {[%emt 0:00:00]} 3. Bb5 {[%emt 0:00:00]} a6 {[%emt 0:00:00]} 4. Ba4 {[%emt 0:00:00]} d6 {[%emt 0:00:03]} 5. d4 {[%emt 0:05:26]} b5 {[%emt 0:00:41]} 6. Bb3 {[%emt 0:00:07]} Nxd4 {[%emt 0:00:44]} 7. Nxd4 {[%emt 0:00:23]} exd4 {[%emt 0:00:05]} 8. Qh5 {[%emt 0:01:08]} Qe7 {[%emt 0:04:52]} 9. O-O {[%emt 0:08:23]} Nf6 {[%emt 0:07:05]} 10. Qf3 {[%emt 0:17:09]} Bb7 {[%emt 0:02:13]} ({Avoid the trap} 10... Nxe4 $2 {[#]} 11. Bxf7+ $1 {[%mdl 512]} Kd8 12. Bd5 $18 {[%mdl 64] Double Attack}) ({But not} 10... Qxe4 $2 11. Qxe4+ Nxe4 12. Bd5 $18 {[%mdl 64] Double Attack}) 11. c3 {[%emt 0:00:28]} Qxe4 {[%emt 0:10:52]} 12. Qxe4+ {[%emt 0:05:50]} Nxe4 {[%emt 0:00:22]} 13. cxd4 {[%emt 0:00:44]} d5 {[%emt 0:02:35]} 14. Nc3 {[%emt 0:09:30]} Nxc3 15. bxc3 {[%emt 0:00:06]} Bd6 {[%emt 0:03:21]} 16. a4 {[%emt 0:08:02]} Kd7 {[%emt 0:04:42]} 17. Bc2 {[%emt 0:03:18]} g6 {[%emt 0:03:18]} 18. Be3 {[%emt 0:00:34]} Bc6 {[%emt 0:01:50]} 19. Rfb1 {[%emt 0:01:44]} bxa4 {[%emt 0:03:35]} 20. Bxa4 {[%emt 0:00:11]} Bxa4 {[%emt 0:00:08]} 21. Rxa4 {[%emt 0:00:05]} Rhb8 {[%emt 0:00:21]} 22. Rba1 {[%emt 0:03:37]} Rb3 {[%emt 0:08:14]} 23. Kf1 {[%emt 0:08:34]} (23. Bd2 $17) 23... Rxc3 {[%emt 0:05:32]} 24. Rxa6 {[%emt 0:00:18]} Rxa6 {[%emt 0:00:23]} 25. Rxa6 {[%emt 0:00:03]} Bxh2 {[%emt 0:02:26]} 26. Rf6 {[%emt 0:02:59]} Ke8 {[%emt 0:01:00]} 27. Rf3 {[%emt 0:00:16]} Bd6 $19 {[%emt 0:02:48]} 28. g4 {[%emt 0:01:16]} c5 {[%emt 0:04:44]} 29. Rf6 {[%emt 0:01:02]} cxd4 {[%emt 0:14:32]} 30. Rxd6 {[%emt 0:01:09]} dxe3 {[%emt 0:00:07]} 31. Rxd5 {[%emt 0:00:06]} exf2 {[%emt 0:01:12]} 32. Kxf2 {[%emt 0:00:04]} h6 {[%emt 0:00:36]} 33. Rd6 {[%emt 0:00:30]} Ke7 {[%emt 0:00:19]} 34. Ra6 {[%emt 0:00:08]} Rd3 {[%emt 0:00:46]} 35. Rb6 {[%emt 0:00:07]} Rd6 {[%emt 0:00:29]} 36. Rb5 {[%emt 0:00:06]} Kf6 {[%emt 0:00:28]} 37. Kf3 {[%emt 0:00:26]} Rd3+ {[%emt 0:01:29]} 38. Kf2 {[%emt 0:02:47]} Kg7 {[%emt 0:00:33]} 39. Rb6 {[%emt 0:00:27]} Rd5 {[%emt 0:00:24]} 0-1

[Event "POL Youth-ch U20 Girls 2020"]
[Site "Pokrzywna"]
[Date "2020.12.02"]
[Round "5.3"]
[White "Adamczyk, Zuzanna"]
[Black "Kiolbasa, Oliwia"]
[Result "1/2-1/2"]
[WhiteElo "1924"]
[BlackElo "2260"]
[Annotator "NA"]
[PlyCount "92"]
[EventDate "2020.11.29"]
[EventType "swiss"]
[EventCountry "POL"]
[SourceTitle "playchess.com"]
[Source "ChessBase"]
[SourceQuality "1"]
[TimeControl "40/5400+30:1800+30"]

1. d4 {[%emt 0:00:00]} d5 {[%emt 0:00:00]} 2. c4 {[%emt 0:00:00]} e6 {[%emt 0:00:00]} 3. Nf3 {[%emt 0:00:21]} a6 {[%emt 0:00:01]} 4. cxd5 {[%emt 0:01:44]} exd5 {[%emt 0:00:12]} 5. Nc3 {[%emt 0:00:48]} Nf6 {[%emt 0:00:40]} 6. Bg5 {[%emt 0:01:31]} Be7 {[%emt 0:04:04]} 7. e3 {[%emt 0:00:58]} O-O {[%emt 0:03:27]} 8. Bd3 {[%emt 0:01:36]} Re8 {[%emt 0:09:15]} 9. Qc2 {[%emt 0:05:05]} h6 {[%emt 0:00:33]} 10. Bf4 {[%emt 0:01:00]} Nh5 {[%emt 0:04:16]} 11. Bg3 {[%emt 0:01:53]} Nxg3 {[%emt 0:01:10]} 12. hxg3 {[%emt 0:00:14]} Nc6 {[%emt 0:00:20]} 13. a3 {[%emt 0:01:08]} Be6 {[%emt 0:00:55]} 14. Ne2 {[%emt 0:03:21]} Bf8 {[%emt 0:09:45]} (14... Bd6 $11) 15. Nf4 {[%emt 0:11:03]} Na7 {[%emt 0:00:41]} ({Black should play} 15... Qf6 $14) 16. Ne5 {[%emt 0:03:18]} Bd6 {[%emt 0:05:49]} 17. Bh7+ {[%emt 0:21:04]} Kf8 {[%emt 0:00:15]} 18. Bf5 {[%emt 0:04:41]} Bxf5 {[%emt 0:04:40]} 19. Qxf5 {[%emt 0:01:07]} Bxe5 {[%emt 0:00:07]} 20. dxe5 {[%emt 0:02:03]} ({Stronger than} 20. Ng6+ Kg8 $11) 20... Kg8 {[%emt 0:01:34]} 21. O-O-O {[%emt 0:07:31]} c6 {[%emt 0:03:16]} 22. e6 {[%emt 0:02:03]} fxe6 $18 {[%emt 0:00:50]} (22... Qe7 $16 {is a better defense.}) 23. Nxe6 {[%emt 0:00:36]} Rxe6 {[%emt 0:17:10]} 24. Qxe6+ {[%emt 0:00:31]} Kh7 {[%emt 0:00:05]} 25. Rd4 {[%emt 0:09:00]} Qe8 {[%emt 0:11:19]} 26. Qf5+ {[%emt 0:00:50]} Qg6 {[%emt 0:00:13]} 27. Qd7 {[%emt 0:01:43]} Nb5 {[%emt 0:03:12]} 28. Rg4 {[%emt 0:03:36]} Qf6 {[%emt 0:00:12]} 29. Rf4 {[%emt 0:06:26]} Qe5 {[%emt 0:03:25]} 30. Qf7 {[%emt 0:02:47]} Kh8 {[%emt 0:01:45]} 31. Qg6 {[%emt 0:01:06]} Qd6 {[%emt 0:00:51]} 32. Qxd6 {[%emt 0:02:55]} Nxd6 {[%emt 0:00:03]} 33. g4 {[%emt 0:00:15]} Kg8 {[%emt 0:00:22]} 34. Rd1 {[%emt 0:01:47]} Re8 {[%emt 0:00:32]} 35. Kc2 {[%emt 0:01:34]} Re6 {[%emt 0:02:13]} 36. Rfd4 {[%emt 0:00:58]} Kf7 {[%emt 0:01:30]} 37. R4d2 {[%emt 0:00:33]} Kf6 {[%emt 0:01:34]} 38. Re2 {[%emt 0:00:40]} Nc4 {[%emt 0:00:25]} 39. Rde1 {[%emt 0:00:20]} Nd6 {[%emt 0:02:02]} 40. f3 {[%emt 0:00:00]} Kg5 {[%emt 0:00:00]} 41. b3 {[%emt 0:02:54]} Kf6 {[%emt 0:05:13]} 42. Kd3 {[%emt 0:03:47]} Kg5 {[%emt 0:06:30]} 43. Rh1 {[%emt 0:01:04]} Kf6 {[%emt 0:00:25]} 44. Rhe1 {[%emt 0:01:42]} Kg5 {[%emt 0:00:25]} 45. Rh1 {[%emt 0:04:44]} Kf6 {[%emt 0:02:23]} 46. Rhe1 {[%emt 0:03:05]} Ke5 1/2-1/2